<?xml version="1.0" encoding="UTF-8"?>
<record
    xmlns:xsi="http://www.w3.org/2001/XMLSchema-instance"
    xsi:schemaLocation="http://www.loc.gov/MARC21/slim http://www.loc.gov/standards/marcxml/schema/MARC21slim.xsd"
    xmlns="http://www.loc.gov/MARC21/slim">

  <leader>01325nam a22002657a 4500</leader>
  <controlfield tag="005">20170124103157.0</controlfield>
  <datafield tag="010" ind1=" " ind2=" ">
    <subfield code="a">A-391027</subfield>
  </datafield>
  <datafield tag="020" ind1=" " ind2=" ">
    <subfield code="c">201.00</subfield>
  </datafield>
  <datafield tag="035" ind1=" " ind2=" ">
    <subfield code="a">A-391027</subfield>
  </datafield>
  <datafield tag="037" ind1=" " ind2=" ">
    <subfield code="b">Cen Lib/Ret</subfield>
  </datafield>
  <datafield tag="040" ind1=" " ind2=" ">
    <subfield code="a">DPL</subfield>
    <subfield code="b">HN</subfield>
  </datafield>
  <datafield tag="082" ind1=" " ind2=" ">
    <subfield code="a">181.4</subfield>
    <subfield code="b">&#x916;&#x902;&#x921;&#x947;&#x932; </subfield>
  </datafield>
  <datafield tag="100" ind1=" " ind2=" ">
    <subfield code="a">&#x916;&#x902;&#x921;&#x947;&#x932;&#x935;&#x93E;&#x932;, &#x92E;&#x927;&#x941; &#x906;&#x930;. </subfield>
    <subfield code="9">85681</subfield>
  </datafield>
  <datafield tag="245" ind1=" " ind2=" ">
    <subfield code="a">&#x936;&#x94D;&#x930;&#x940;&#x92E;&#x926; &#x92D;&#x93E;&#x917;&#x935;&#x924; &#x92E;&#x947;&#x902; &#x936;&#x94D;&#x930;&#x940;&#x915;&#x943;&#x937;&#x94D;&#x923;&#x932;&#x940;&#x932;&#x93E; &#x915;&#x940; &#x92A;&#x94D;&#x930;&#x92C;&#x902;&#x927; &#x92F;&#x94B;&#x91C;&#x928;&#x93E; &#x90F;&#x915; &#x905;&#x927;&#x94D;&#x92F;&#x92F;&#x928; /</subfield>
    <subfield code="c"> &#x92E;&#x927;&#x941; &#x906;&#x930;. &#x916;&#x902;&#x921;&#x947;&#x932;&#x935;&#x93E;&#x932;</subfield>
  </datafield>
  <datafield tag="246" ind1=" " ind2=" ">
    <subfield code="a">shreemadbhagvat me shreekrishn lila ki prabandh yojna ek adhyayn </subfield>
    <subfield code="b">by Madhu R. Khandelwal </subfield>
  </datafield>
  <datafield tag="260" ind1=" " ind2=" ">
    <subfield code="a">&#x92C;&#x92E;&#x94D;&#x92C;&#x908; </subfield>
    <subfield code="b">&#x938;&#x947;&#x920; &#x92C;&#x926;&#x94D;&#x930;&#x940;&#x92A;&#x94D;&#x930;&#x938;&#x93E;&#x926; - &#x930;&#x93E;&#x91C;&#x947;&#x902;&#x926;&#x94D;&#x930; &#x916;&#x902;&#x921;&#x947;&#x932;&#x935;&#x93E;&#x932; </subfield>
    <subfield code="c">1989</subfield>
  </datafield>
  <datafield tag="270" ind1=" " ind2=" ">
    <subfield code="a">73, &#x915;&#x940;&#x915;&#x93E; &#x938;&#x94D;&#x91F;&#x94D;&#x930;&#x940;&#x91F;</subfield>
    <subfield code="b">&#x92C;&#x92E;&#x94D;&#x92C;&#x908; </subfield>
    <subfield code="e">400004</subfield>
  </datafield>
  <datafield tag="300" ind1=" " ind2=" ">
    <subfield code="a">384&#x92A;&#x943;&#x937;&#x94D;&#x920;. </subfield>
    <subfield code="c">20&#x938;&#x947;&#x92E;&#x940;(&#x938;&#x91C;&#x93F;&#x932;&#x94D;&#x926;)</subfield>
  </datafield>
  <datafield tag="500" ind1=" " ind2=" ">
    <subfield code="a">&#x938;&#x928;&#x94D;&#x926;&#x930;&#x94D;&#x92D; &#x917;&#x94D;&#x930;&#x928;&#x94D;&#x925; &#x938;&#x942;&#x91A;&#x940; &#x936;&#x93E;&#x92E;&#x93F;&#x932; </subfield>
  </datafield>
  <datafield tag="650" ind1=" " ind2=" ">
    <subfield code="a">&#x926;&#x930;&#x94D;&#x936;&#x928; &#x936;&#x93E;&#x938;&#x94D;&#x924;&#x94D;&#x930; </subfield>
    <subfield code="9">90329</subfield>
  </datafield>
  <datafield tag="650" ind1=" " ind2=" ">
    <subfield code="a">&#x936;&#x94D;&#x930;&#x940;&#x92E;&#x926; &#x92D;&#x93E;&#x917;&#x935;&#x924; &#x915;&#x93E; &#x92A;&#x930;&#x93F;&#x91A;&#x92F; </subfield>
    <subfield code="9">90330</subfield>
  </datafield>
  <datafield tag="650" ind1=" " ind2=" ">
    <subfield code="a">Philosophy</subfield>
    <subfield code="9">90331</subfield>
  </datafield>
  <datafield tag="650" ind1=" " ind2=" ">
    <subfield code="a">Introducing the Srimad Bhagavatam</subfield>
    <subfield code="9">90332</subfield>
  </datafield>
  <datafield tag="942" ind1=" " ind2=" ">
    <subfield code="2">ddc</subfield>
    <subfield code="c">HN</subfield>
    <subfield code="h">181.4</subfield>
    <subfield code="m">&#x916;&#x902;&#x921;&#x947;&#x932; </subfield>
  </datafield>
  <datafield tag="999" ind1=" " ind2=" ">
    <subfield code="c">120419</subfield>
    <subfield code="d">120419</subfield>
  </datafield>
  <datafield tag="952" ind1=" " ind2=" ">
    <subfield code="0">0</subfield>
    <subfield code="1">0</subfield>
    <subfield code="4">0</subfield>
    <subfield code="7">0</subfield>
    <subfield code="a">L</subfield>
    <subfield code="b">L</subfield>
    <subfield code="d">2015-09-22</subfield>
    <subfield code="e">Cen Lib/Ret</subfield>
    <subfield code="g">201.00</subfield>
    <subfield code="l">3</subfield>
    <subfield code="o">181.4 &#x916;&#x902;&#x921;&#x947;&#x932;</subfield>
    <subfield code="p">A-391027</subfield>
    <subfield code="r">2017-10-07 00:00:00</subfield>
    <subfield code="s">2017-09-23</subfield>
    <subfield code="t">1</subfield>
    <subfield code="v">201.00</subfield>
    <subfield code="w">2015-09-22</subfield>
    <subfield code="y">HN</subfield>
  </datafield>
</record>
